[Event "Euro Online U2300 Day 1"]
[Site "chess.com INT"]
[Date "2020.05.25"]
[Round "1"]
[White "Anfinogenov, Artem"]
[Black "Marchesich, Giovanni"]
[Result "0-1"]
[WhiteElo "2054"]
[BlackElo "2046"]
[WhiteFideId "4197461"]
[BlackFideId "2824790"]
[EventDate "2020.05.25"]

1. d4 Nf6 2. c4 g6 3. Nc3 Bg7 4. e4 d6 5. Be2 O-O 6. Bg5 a6 7. Qd2 Nbd7 8. f3 c5
9. d5 b5 10. cxb5 axb5 11. Bxb5 Qb6 12. Nge2 Ba6 13. Bxa6 Rxa6 14. O-O Ne5 15.
b3 Rfa8 16. h3 Nfd7 17. Be3 f5 18. Nf4 Qb4 19. Nfe2 c4 20. Nd4 cxb3 21. Nc6 Nxc6
22. dxc6 Qxc3 23. Qd5+ Kh8 24. cxd7 Qxe3+ 25. Kh1 Bxa1 26. Qf7 Bf6 27. exf5 gxf5
28. axb3 Qh6 29. Re1 Qf8 30. Qd5 Ra1 31. Rxa1 Rxa1+ 32. Kh2 Ra8 33. b4 Be5+ 34.
g3 Qg8 35. f4 Qxd5 0-1

[Event "Euro Online U2300 Day 1"]
[Site "chess.com INT"]
[Date "2020.05.25"]
[Round "1"]
[White "Upero, Jussi"]
[Black "Van Hoolandt, Patrick"]
[Result "1-0"]
[BlackTitle "FM"]
[WhiteElo "2176"]
[BlackElo "2063"]
[WhiteFideId "504491"]
[BlackFideId "200999"]
[EventDate "2020.05.25"]

1. e4 e5 2. Nf3 Nc6 3. d4 exd4 4. Nxd4 Nf6 5. Nxc6 bxc6 6. e5 Qe7 7. Qe2 Nd5 8.
c4 Nb6 9. Nc3 a5 10. f4 Qe6 11. Qe4 g6 12. Be3 Bg7 13. O-O-O O-O 14. Bxb6 cxb6
15. Rd6 Qe7 16. Bd3 f6 17. Nd5 cxd5 18. Qxd5+ Kh8 19. Qxa8 fxe5 20. Rxb6 exf4
21. Rb8 Qe3+ 22. Kc2 Qf2+ 23. Kd1 Qd4 24. Qe4 Qd6 25. Ra8 Bb7 26. Rxf8+ Bxf8 27.
Qxb7 Qxd3+ 28. Kc1 Qxc4+ 29. Kb1 Qd3+ 30. Ka1 a4 31. Re1 a3 32. Qb3 axb2+ 33.
Qxb2+ Kg8 34. Qb3+ Qxb3 35. axb3 g5 36. Kb2 Bb4 37. Re4 Bd2 38. b4 d5 39. Rd4
Be1 40. b5 Bf2 41. Rxd5 g4 42. Rg5+ Kf7 43. Rxg4 Be3 44. Kc3 Kf6 45. Kc4 h5 46.
Rg8 h4 47. h3 Kf5 48. Kd5 Bf2 49. Rf8+ Kg5 50. Kc6 f3 51. Rxf3 Bg1 52. b6 Kg6
53. b7 Ba7 54. Kc7 Kg5 55. b8=Q Bxb8+ 56. Kxb8 Kg6 57. Kc7 Kg5 58. Kd6 Kg6 59.
Ke5 Kg5 60. Rf8 Kg6 61. Rg8+ Kf7 62. Rg5 Kf8 63. Ke6 Ke8 64. Rg8# 1-0

[Event "Euro Online U2300 Day 1"]
[Site "chess.com INT"]
[Date "2020.05.25"]
[Round "1"]
[White "Makropoulou, Marina"]
[Black "Grutter, Tim"]
[Result "0-1"]
[WhiteTitle "WGM"]
[WhiteElo "2173"]
[BlackElo "2253"]
[WhiteFideId "4200187"]
[BlackFideId "1057472"]
[EventDate "2020.05.25"]

1. e4 c5 2. Nf3 Nc6 3. Bb5 Nf6 4. Nc3 Qc7 5. O-O Nd4 6. h3 a6 7. Bc4 b5 8. Bd5
Rb8 9. Re1 e6 10. Bb3 Nxf3+ 11. Qxf3 c4 12. d4 cxb3 13. Bf4 d6 14. axb3 Bb7 15.
b4 Be7 16. Qe3 e5 17. Bh2 O-O 18. Rad1 Rfe8 19. Kh1 Bf8 20. d5 Qc4 21. Qd3 Qxb4
22. Bg3 Qc4 23. Bh4 Qxd3 24. cxd3 Be7 25. g3 h6 26. Bxf6 Bxf6 27. Kg2 Rbc8 28.
Re2 Bd8 29. f4 Ba5 30. Nb1 f5 31. fxe5 Rxe5 32. Kf3 Rce8 33. g4 fxe4+ 34. dxe4
g5 35. Nc3 Bxc3 36. bxc3 Bxd5 37. Rxd5 Rxd5 38. exd5 Rxe2 39. Kxe2 Kf7 40. Kd3
Kf6 41. c4 bxc4+ 42. Kxc4 Ke5 43. Kb4 Kxd5 44. Ka5 Ke4 45. Kxa6 d5 46. Kb5 d4
47. Kc4 d3 48. Kc3 Ke3 0-1

[Event "Euro Online U2300 Day 1"]
[Site "chess.com INT"]
[Date "2020.05.25"]
[Round "1"]
[White "Krayz, Alexander"]
[Black "Melia, Salome"]
[Result "0-1"]
[WhiteTitle "IM"]
[BlackTitle "IM"]
[WhiteElo "2350"]
[BlackElo "2370"]
[WhiteFideId "2802066"]
[BlackFideId "13602446"]
[EventDate "2020.05.25"]

1. e4 c5 2. Nf3 Nc6 3. Bb5 g6 4. O-O Bg7 5. c3 e5 6. d4 exd4 7. cxd4 cxd4 8. Bf4
a6 9. Bc4 Nge7 10. Bd6 b5 11. Bb3 Bb7 12. Nbd2 O-O 13. Re1 h6 14. e5 Re8 15. Ne4
Nc8 16. Nc5 Nxd6 17. exd6 Na5 18. Nxb7 Nxb7 19. Bd5 Rb8 20. Qd3 Nxd6 21. Rxe8+
Nxe8 22. Qxg6 Qf6 23. Qd3 Nc7 24. Bb3 Ne6 25. Bc2 Nf4 26. Qh7+ Kf8 27. Re1 Ng6
28. h4 Rc8 29. Bd3 Rc5 30. b4 Rc3 31. Be4 d3 32. h5 Nf4 33. Bf5 Ne2+ 34. Kf1 Rc1
35. Bxd3 Rxe1+ 36. Kxe1 Nf4 37. Qe4 Qc3+ 38. Kf1 Qxd3+ 39. Qxd3 Nxd3 40. Ke2
Nxb4 0-1

[Event "Euro Online U2300 Day 1"]
[Site "chess.com INT"]
[Date "2020.05.25"]
[Round "1"]
[White "Kelly, Ladislau-Endre"]
[Black "Maisuradze, Nino"]
[Result "1/2-1/2"]
[BlackTitle "WGM"]
[WhiteElo "2180"]
[BlackElo "2214"]
[WhiteFideId "1214705"]
[BlackFideId "13601717"]
[EventDate "2020.05.25"]

1. e4 c5 2. Nc3 Nc6 3. f4 g6 4. Nf3 Bg7 5. Bb5 Nh6 6. Bxc6 bxc6 7. O-O O-O 8. d3
d5 9. Qe1 Rb8 10. b3 c4 11. Rb1 Ba6 12. bxc4 Rxb1 13. Nxb1 dxc4 14. d4 Bxd4+ 15.
Nxd4 Qxd4+ 16. Qe3 c5 17. h3 f5 18. e5 Rd8 19. Nc3 Nf7 20. Rd1 Qxe3+ 21. Bxe3
Rxd1+ 22. Nxd1 g5 23. g3 gxf4 24. gxf4 Nd8 25. Bxc5 Ne6 26. Be3 Bb7 27. Nc3 a6
28. Na4 Be4 29. c3 Bb1 30. Nc5 Nc7 31. a4 Kf7 32. Kf2 Bc2 33. a5 Be4 34. Nxe4
fxe4 35. f5 Nd5 36. Bd4 e6 37. f6 Kg6 38. h4 h5 39. Kg3 Kf7 40. Kf2 Kg6 41. Kg3
Kf7 42. Kf2 Nf4 43. Ke3 Ng2+ 44. Kxe4 Nxh4 45. Bf2 Nf5 46. Kf4 Kg6 47. Be1 Nh6
48. Ke4 Nf5 49. Kf4 Nh6 50. Ke4 Nf5 51. Kf4 1/2-1/2

[Event "Euro Online U2300 Day 1"]
[Site "chess.com INT"]
[Date "2020.05.25"]
[Round "1"]
[White "Nandrean, Dan"]
[Black "Verbin, Valentina"]
[Result "0-1"]
[WhiteElo "2173"]
[BlackElo "1982"]
[WhiteFideId "1212354"]
[BlackFideId "13905910"]
[EventDate "2020.05.25"]

1. e4 c5 2. Nf3 e6 3. d4 cxd4 4. Nxd4 Nf6 5. Bd3 Nc6 6. Be3 Be7 7. Nd2 d5 8. O-O
O-O 9. c3 dxe4 10. Nxe4 Nd5 11. Nxc6 bxc6 12. Bc5 f5 13. Bxe7 Qxe7 14. Nd2 a5
15. Re1 a4 16. Rc1 Rf6 17. Qf3 Rh6 18. g3 Qg5 19. Nc4 Ba6 20. Ne5 Bxd3 21. Nxd3
Rb8 22. Rc2 f4 23. Re5 Qf6 24. a3 fxg3 25. Qxf6 gxh2+ 26. Kh1 Nxf6 27. Rxe6 Rd8
28. Re3 Ng4 29. Rg3 Ne5 30. Rd2 Rhd6 31. Nxe5 Rxd2 32. Kxh2 Rxf2+ 33. Kh3 Rxb2
34. Nxc6 Re8 35. c4 Rbe2 36. Nb4 R2e3 37. c5 Rxg3+ 38. Kxg3 Re3+ 39. Kf4 Rxa3
40. c6 Rc3 41. Nd5 Rc5 42. c7 Kf7 0-1

[Event "Euro Online U2300 Day 1"]
[Site "chess.com INT"]
[Date "2020.05.25"]
[Round "1"]
[White "Skalsky, Alexandr"]
[Black "Doluhanova, Evgeniya"]
[Result "1-0"]
[BlackTitle "WGM"]
[WhiteElo "2251"]
[BlackElo "2229"]
[WhiteFideId "381799"]
[BlackFideId "14112035"]
[EventDate "2020.05.25"]

1. e4 e5 2. Nf3 Nc6 3. d4 exd4 4. Nxd4 Nf6 5. Nxc6 bxc6 6. Qe2 d6 7. Nc3 Be7 8.
Be3 O-O 9. O-O-O Be6 10. h3 Re8 11. g4 Qb8 12. g5 Nd7 13. f4 Nb6 14. b3 d5 15.
f5 Bb4 16. fxe6 Bxc3 17. exf7+ Kxf7 18. Qf3+ Kg8 19. Bxb6 Be5 20. Bd4 Qb4 21.
Bxe5 Rxe5 22. exd5 Rf8 23. Qg3 Ref5 24. Bc4 Rf3 25. Qe1 Qa3+ 26. Kb1 R3f4 27.
dxc6+ Kh8 28. Rf1 Rxf1 29. Bxf1 Qc5 30. Bd3 Qxg5 31. Qe4 Qh5 32. Rh1 Qh6 33. Rf1
Rxf1+ 34. Bxf1 Qh5 35. Be2 Qf7 36. Bc4 Qf8 37. Bd3 Qg8 38. a4 h5 39. Qg6 1-0

[Event "Euro Online U2300 Day 1"]
[Site "chess.com INT"]
[Date "2020.05.25"]
[Round "1"]
[White "Pniaczek, Marek"]
[Black "Atanasov, Radislav"]
[Result "0-1"]
[WhiteTitle "CM"]
[WhiteElo "2102"]
[BlackElo "2115"]
[WhiteFideId "21800421"]
[BlackFideId "2901471"]
[EventDate "2020.05.25"]

1. e4 e5 2. Nf3 Nc6 3. Bc4 Nf6 4. d3 Be7 5. O-O O-O 6. Re1 d6 7. c3 Na5 8. Bb5
a6 9. Ba4 b5 10. Bc2 c5 11. Nbd2 Re8 12. Nf1 h6 13. Ng3 Bf8 14. h3 Bb7 15. Nf5
d5 16. Qe2 c4 17. Ng3 cxd3 18. Bxd3 Nc4 19. b3 Nd6 20. Nd2 Qc7 21. Bb2 Rad8 22.
Rad1 g6 23. Bb1 Bg7 24. Kh1 h5 25. f3 h4 26. Ngf1 dxe4 27. Nxe4 Nh5 28. Nxd6
Rxd6 29. Rxd6 Qxd6 30. Rd1 Qc5 31. Be4 Bxe4 32. fxe4 Bh6 33. Rd5 Qc6 34. Qf3 Nf6
35. Rd1 Nxe4 36. Re1 f5 37. Rd1 Bf4 38. Rd3 Bg3 39. Re3 Nf2+ 40. Kg1 e4 41. Qe2
f4 42. Nxg3 hxg3 0-1

[Event "Euro Online U2300 Day 1"]
[Site "chess.com INT"]
[Date "2020.05.25"]
[Round "1"]
[White "Schein, Karl-Heinz"]
[Black "Daianu, Cristian-Clement"]
[Result "0-1"]
[BlackTitle "FM"]
[WhiteElo "2187"]
[BlackElo "2224"]
[WhiteFideId "1604988"]
[BlackFideId "1208926"]
[EventDate "2020.05.25"]

1. Nf3 Nf6 2. g3 g6 3. Bg2 Bg7 4. O-O d5 5. d3 O-O 6. Nbd2 b6 7. e4 dxe4 8. dxe4
Bb7 9. Qe2 c5 10. Rd1 Nc6 11. c3 Qc8 12. Nf1 Ba6 13. Qe1 Ng4 14. h3 Nge5 15.
Nxe5 Nxe5 16. Be3 Nd3 17. Qd2 Rd8 18. Qc2 Qe6 19. Rd2 Rd7 20. Rad1 Rad8 21. Nh2
Qxa2 22. Bf1 c4 23. h4 h5 24. Bh3 e6 25. Nf3 Bb7 26. Ng5 Qa5 27. Bf1 Qb5 28. f4
Bf6 29. e5 Bxg5 30. hxg5 Nc5 31. Bg2 Bxg2 32. Kxg2 Qc6+ 33. Kh2 Rxd2+ 34. Rxd2
Nd3 35. b3 b5 36. bxc4 bxc4 37. Bd4 Qf3 38. Rg2 h4 39. Qe2 hxg3+ 40. Kg1 Qxe2
41. Rxe2 Nxf4 42. Ra2 a5 43. Rxa5 Ne2+ 44. Kg2 Nxd4 45. cxd4 Rxd4 46. Kxg3 Rd5
47. Ra8+ Kg7 48. Rc8 Rxe5 49. Kg4 Re4+ 50. Kf3 Rd4 51. Ke3 Rg4 52. Kf3 Rxg5 53.
Rxc4 f5 54. Rc8 Rg1 55. Kf2 Ra1 56. Re8 Kf6 57. Rf8+ Kg5 58. Re8 Ra6 59. Kf3 f4 0-1

[Event "Euro Online U2300 Day 1"]
[Site "chess.com INT"]
[Date "2020.05.25"]
[Round "1"]
[White "Krivenko, Sergey"]
[Black "Kovacsy, Barnabas"]
[Result "1-0"]
[WhiteElo "2279"]
[BlackElo "2143"]
[WhiteFideId "24124753"]
[BlackFideId "769290"]
[EventDate "2020.05.25"]

1. d4 Nf6 2. Bg5 Ne4 3. Bh4 d5 4. Nd2 g6 5. e3 Bg7 6. Bd3 Nxd2 7. Qxd2 c5 8. c3
Nc6 9. Nf3 Bg4 10. Be2 O-O 11. dxc5 Qd7 12. Rd1 Bxf3 13. Bxf3 e6 14. O-O Qc7 15.
Be2 Ne7 16. e4 Qxc5 17. Bxe7 Qxe7 18. exd5 exd5 19. Bf3 d4 20. cxd4 Rad8 21. d5
Qd6 22. b3 Rfe8 23. g3 Rc8 24. Rc1 h5 25. Kg2 Kh7 26. Qd3 f5 27. Rxc8 Rxc8 28.
Re1 Be5 29. Qe3 Re8 30. Qxa7 Re7 31. Qe3 Kg7 32. Qd3 h4 33. Qc4 hxg3 34. hxg3
Rc7 35. Qa4 Rc3 36. Qe8 Kf6 37. Qh8+ 1-0

[Event "Euro Online U2300 Day 1"]
[Site "chess.com INT"]
[Date "2020.05.25"]
[Round "1"]
[White "Nur-Mukhametova, Alisa"]
[Black "Boe, Mads"]
[Result "0-1"]
[BlackTitle "FM"]
[WhiteElo "2262"]
[BlackElo "2284"]
[WhiteFideId "54117739"]
[BlackFideId "1401408"]
[EventDate "2020.05.25"]

1. e4 c6 2. d4 d5 3. exd5 cxd5 4. Bd3 Nc6 5. c3 Nf6 6. h3 g6 7. Qc2 Bg7 8. Nf3
O-O 9. O-O Ne8 10. Bf4 Nd6 11. Re1 Bf5 12. Bxf5 Nxf5 13. Nbd2 Rc8 14. Qd3 e6 15.
b4 Nd6 16. Bxd6 Qxd6 17. Nb3 b6 18. a4 Qc7 19. a5 Ne7 20. axb6 axb6 21. Rec1 Nf5
22. Nbd2 Nd6 23. Ne5 Ra8 24. f4 Rfc8 25. Rxa8 Rxa8 26. g3 Ra3 27. Nb1 Ra2 28.
Nd2 Nf5 29. c4 Nxg3 30. Qxg3 Rxd2 31. Qe3 Ra2 32. cxd5 Qb7 33. Qb3 Bxe5 34. Qxa2
Bxf4 35. Re1 exd5 36. Qe2 Kg7 37. Qe7 Qc8 38. Kg2 Qc3 39. Kf2 Bg3+ 40. Kf1 Qxe1+
41. Qxe1 Bxe1 42. Kxe1 Kf6 43. Ke2 Kf5 44. Kf3 g5 45. b5 h5 0-1

[Event "Euro Online U2300 Day 1"]
[Site "chess.com INT"]
[Date "2020.05.25"]
[Round "1"]
[White "Gago Padreny, Ignacio"]
[Black "Taspinar, Yanki"]
[Result "0-1"]
[WhiteTitle "FM"]
[BlackTitle "CM"]
[WhiteElo "2289"]
[BlackElo "2178"]
[WhiteFideId "2278863"]
[BlackFideId "34561188"]
[EventDate "2020.05.25"]

1. d4 d5 2. c4 e6 3. Nc3 c6 4. e4 dxe4 5. Nxe4 Bb4+ 6. Bd2 Qxd4 7. Bxb4 Qxe4+ 8.
Be2 Na6 9. Bd6 Bd7 10. Qd2 f6 11. O-O-O O-O-O 12. Nf3 e5 13. Bd3 Qg4 14. h3 Qe6
15. c5 Qxa2 16. Qc3 Be6 17. Nd2 Nh6 18. Bc4 Bxc4 19. Nxc4 Nf7 20. Kc2 Qa4+ 21.
b3 Qb4 22. Qe3 Nxd6 23. cxd6 Qc5 24. Qxc5 Nxc5 25. Ra1 a6 26. Rhd1 Kb8 27. b4
Nd7 28. Kb3 Rhe8 29. f3 Re6 30. Rd3 Rde8 31. Rad1 g6 32. g4 e4 33. fxe4 Rxe4 34.
Rf1 Rxc4 35. Kxc4 Ne5+ 36. Kc3 Nxd3 37. Kxd3 Re6 38. d7 Kc7 39. Kc4 Kxd7 40. Rf3
Rd6 41. Re3 b6 42. Rf3 Kc7 43. Re3 Rd7 44. Rf3 Rf7 45. Re3 f5 46. Rf3 f4 47. g5
Rf5 48. h4 b5+ 49. Kd4 Kb6 50. Ke4 a5 51. bxa5+ Kxa5 52. Kd4 Kb4 53. Rf1 c5+ 54.
Ke4 f3 55. Rb1+ Ka5 56. Ra1+ Kb6 57. h5 f2 58. hxg6 hxg6 59. Rf1 b4 60. Kd3 Kb5
61. Ke4 b3 62. Kd3 Kb4 63. Kd2 c4 64. Kc1 c3 65. Kb1 b2 66. Kc2 Kc4 67. Kb1 Kb3
68. Rxf2 c2+ 69. Rxc2 Rf1+ 0-1

[Event "Euro Online U2300 Day 1"]
[Site "chess.com INT"]
[Date "2020.05.25"]
[Round "1"]
[White "Salamero Pelay, Fernando"]
[Black "Babiy, Igor"]
[Result "1-0"]
[WhiteElo "2071"]
[BlackElo "2243"]
[WhiteFideId "2207303"]
[BlackFideId "14136244"]
[EventDate "2020.05.25"]

1. e4 d5 2. exd5 Qxd5 3. Nc3 Qa5 4. d4 Nf6 5. Bc4 Nc6 6. Ne2 Bf5 7. O-O O-O-O 8.
Be3 e5 9. d5 Nb4 10. a3 Nbxd5 11. Qc1 Nxe3 12. Qxe3 Qc5 13. Bxf7 Qxe3 14. fxe3
Bxc2 15. Rac1 Bd3 16. Rfd1 Bc5 17. Kf2 Ng4+ 18. Kg3 Nxe3 19. Rd2 Nf5+ 20. Kh3
Be3 21. Rxd3 Rxd3 22. Be6+ Kb8 23. Bxf5 Bxc1+ 24. Bxd3 Bxb2 25. a4 Bxc3 26. Nxc3
g6 27. Kg4 Rd8 28. Be2 h6 29. Bf3 Rd3 30. Nd5 Rd4+ 31. Kg3 Rxa4 32. Ne7 g5 33.
Nf5 Ra6 34. Kg4 Rf6 35. Be4 a5 36. Kh5 a4 37. Nxh6 a3 38. Kxg5 a2 39. Kxf6 a1=Q
40. Nf5 b5 41. h4 Qe1 42. Kxe5 b4 43. h5 b3 44. h6 Qa1+ 45. Nd4 b2 46. h7 Qa5+
47. Kf6 Qb6+ 48. Ne6 Qb7 49. h8=Q+ Ka7 50. Bxb7 b1=Q 51. Qa8+ Kb6 52. Qa6# 1-0

[Event "Euro Online U2300 Day 1"]
[Site "chess.com INT"]
[Date "2020.05.25"]
[Round "1"]
[White "Mitic, Milan"]
[Black "Samaridis, Konstantinos"]
[Result "0-1"]
[WhiteElo "1993"]
[BlackElo "2105"]
[WhiteFideId "945560"]
[BlackFideId "4262867"]
[EventDate "2020.05.25"]

1. f4 Nf6 2. Nf3 d5 3. e3 g6 4. b3 Bg7 5. Bb2 O-O 6. Be2 c5 7. O-O Nc6 8. Ne5
Qd6 9. Nxc6 Qxc6 10. Qe1 b6 11. d3 Bb7 12. Nd2 Rad8 13. Bf3 Qd7 14. Qh4 d4 15.
e4 Ne8 16. g4 e5 17. f5 f6 18. fxg6 hxg6 19. g5 f5 20. exf5 Bxf3 21. Rxf3 Rxf5
22. Rh3 Nd6 23. Rf1 Rdf8 24. Rhf3 Rxf3 25. Rxf3 Rxf3 26. Nxf3 Qf5 27. Kg2 e4 28.
dxe4 Nxe4 29. Bc1 Bf8 30. Qf4 Qxf4 31. Bxf4 Bd6 32. Bxd6 Nxd6 33. Ne5 Kg7 34.
Kf3 Nf5 35. Ke4 Ne3 36. Kd3 Nd5 37. a3 a6 38. Kc4 Ne3+ 39. Kd3 Nd5 40. Kc4 Ne3+
41. Kd3 Ng2 42. c3 Nf4+ 43. Kd2 Kf8 44. cxd4 cxd4 45. Nc6 Nh3 46. Nxd4 Nxg5 47.
Ke3 Ke7 48. Kf4 Nf7 49. h4 Kd6 50. Nf3 Kd5 51. Ng5 Ne5 52. Ne4 Kd4 53. b4 Nd3+
54. Kf3 Ne1+ 55. Kf4 Ng2+ 56. Kg4 Kxe4 57. Kg3 Nf4 58. Kg4 Ne6 59. h5 gxh5+ 60.
Kxh5 Kd4 61. Kg4 Kc4 62. Kf5 Nc7 63. Ke4 Nb5 0-1

[Event "Euro Online U2300 Day 1"]
[Site "chess.com INT"]
[Date "2020.05.25"]
[Round "1"]
[White "Khachatryan, Veronika"]
[Black "Shahin, Jallal"]
[Result "1-0"]
[WhiteElo "1869"]
[BlackElo "1787"]
[WhiteFideId "13310852"]
[BlackFideId "2406659"]
[EventDate "2020.05.25"]

1. Nf3 Nf6 2. d4 d5 3. Bf4 e6 4. e3 Bd6 5. Bg3 O-O 6. Bd3 b6 7. Nbd2 c5 8. c3 c4
9. Bc2 Nbd7 10. Ne5 Bb7 11. f4 Ne4 12. Bxe4 dxe4 13. Ndxc4 Nxe5 14. fxe5 Be7 15.
O-O Ba6 16. Nd2 Bxf1 17. Qxf1 f5 18. exf6 Rxf6 19. Qe2 Qd5 20. Qg4 Rg6 21. Qxe4
Qxe4 22. Nxe4 Re8 23. Nd2 Bg5 24. Re1 Rc8 25. Nf3 Bf6 26. Ne5 Bxe5 27. Bxe5 b5
28. Rc1 a5 29. b3 Rg4 30. g3 h5 31. h3 Rg6 32. Kf2 a4 33. bxa4 bxa4 34. c4 Rg5
35. e4 Kf7 36. Ke3 Rg6 37. c5 Rh6 38. Rc4 Ra8 39. a3 Rhh8 40. d5 exd5 41. exd5
Rhe8 42. Kd4 g5 43. c6 Kg6 44. Rc5 Kf5 45. d6 Ke6 46. d7 Rf8 47. Rd5 Rf1 48.
Rd6+ Ke7 49. Rh6 Rd1+ 50. Ke4 Re1+ 51. Kf5 Rf8+ 52. Bf6+ Rxf6+ 53. Rxf6 Rf1+ 54.
Kxg5 Rxf6 55. c7 Kxd7 56. Kxf6 Kxc7 57. g4 hxg4 58. hxg4 Kd7 59. Kf7 Kd6 60. g5
Kd5 61. g6 Kc4 62. g7 Kb3 63. g8=Q Kxa3 64. Qg3+ Kb2 65. Qf2+ Kb3 66. Qe3+ Kb2
67. Qd2+ Kb3 68. Qd3+ Kb2 69. Qd2+ Kb3 70. Qd1+ Ka3 71. Qa1+ Kb3 72. Ke6 a3 73.
Kd5 Kc2 74. Qxa3 Kb1 75. Kc4 Kc2 76. Qa2+ Kd1 77. Kd3 Kc1 78. Qc2# 1-0

[Event "Euro Online U2300 Day 1"]
[Site "chess.com INT"]
[Date "2020.05.25"]
[Round "1"]
[White "Shapkin, Anatoliy"]
[Black "Gunduz, Umut Erdem"]
[Result "1-0"]
[BlackTitle "FM"]
[WhiteElo "2283"]
[BlackElo "2137"]
[WhiteFideId "34108332"]
[BlackFideId "6381383"]
[EventDate "2020.05.25"]

1. d4 Nf6 2. c4 e6 3. g3 c5 4. d5 exd5 5. cxd5 d6 6. Nc3 g6 7. Bg2 Bg7 8. Nf3
O-O 9. O-O a6 10. a4 Nbd7 11. Nd2 Re8 12. h3 Rb8 13. Nc4 Nb6 14. Na3 a5 15. Nab5
Na8 16. Bf4 Bf8 17. e4 Nc7 18. Re1 Nxb5 19. Nxb5 Nh5 20. Bd2 Bd7 21. Qb3 Qb6 22.
g4 Ng7 23. Bc3 Rbc8 24. Qc4 h5 25. e5 dxe5 26. Bxe5 hxg4 27. hxg4 Bxb5 28. Qxb5
Qxb5 29. axb5 b6 30. Rad1 Rcd8 31. Bc7 Rxe1+ 32. Rxe1 Re8 33. Rd1 Re2 34. d6
Rxb2 35. d7 Ne6 36. d8=Q Nxd8 37. Rxd8 Rb1+ 38. Kh2 Kg7 39. g5 Re1 40. f4 Be7
41. Re8 c4 42. Be5+ Rxe5 43. fxe5 Bc5 44. Kg3 c3 45. Be4 Be3 46. Rc8 Bd2 47. Bc2
Kh7 48. Kf3 Kg7 49. Ke4 1-0

[Event "Euro Online U2300 Day 1"]
[Site "chess.com INT"]
[Date "2020.05.25"]
[Round "1"]
[White "Shishigin, Dmitry"]
[Black "Papp, Petra"]
[Result "0-1"]
[BlackTitle "WGM"]
[WhiteElo "2219"]
[BlackElo "2338"]
[WhiteFideId "24104353"]
[BlackFideId "739049"]
[EventDate "2020.05.25"]

1. d4 Nf6 2. c4 g6 3. Nc3 d5 4. cxd5 Nxd5 5. e4 Nxc3 6. bxc3 Bg7 7. Nf3 c5 8.
Be3 Qa5 9. Qd2 O-O 10. Rc1 Rd8 11. d5 e6 12. Bg5 f6 13. Bf4 Qa4 14. c4 Nc6 15.
Bd3 Nb4 16. Bb1 b6 17. O-O e5 18. Be3 Bg4 19. Ne1 Nc6 20. h3 Bc8 21. f4 Nd4 22.
Qf2 Rf8 23. Nd3 Ba6 24. Nb2 Qd7 25. Bd3 Rae8 26. Rce1 f5 27. Bxd4 fxe4 28. Rxe4
exd4 29. Rfe1 Qf7 30. g3 Bc8 31. Kh2 Rxe4 32. Bxe4 Re8 33. Bg2 Re3 34. d6 Be6
35. Nd1 Rxe1 36. Qxe1 Qd7 37. Qe4 Bf8 38. Nb2 Qxd6 39. Qd3 a5 40. a4 Bf5 41. Be4
Qe6 42. Bd5 Qxd5 43. cxd5 Bxd3 44. Nxd3 c4 45. Ne5 c3 46. Kg2 c2 47. Nd3 Ba3 48.
d6 Kf7 0-1

[Event "Euro Online U2300 Day 1"]
[Site "chess.com INT"]
[Date "2020.05.25"]
[Round "1"]
[White "Megalios, Konstantinos"]
[Black "Kukucka, Matej"]
[Result "1-0"]
[WhiteTitle "IM"]
[WhiteElo "2401"]
[BlackElo "2107"]
[WhiteFideId "4238044"]
[BlackFideId "14917270"]
[EventDate "2020.05.25"]

1. d4 Nf6 2. c4 g6 3. Nc3 d5 4. Nf3 Bg7 5. Bg5 Ne4 6. Bf4 Nxc3 7. bxc3 dxc4 8.
e4 b5 9. a4 c6 10. Be2 Bb7 11. Qb1 Qb6 12. a5 Qa6 13. h4 h5 14. O-O Nd7 15. e5
Nf8 16. Ng5 Bh6 17. e6 fxe6 18. Qe4 Kd7 19. Qe5 Bxg5 20. hxg5 Rg8 21. Rfe1 Rc8
22. Qc5 Ke8 23. Bf3 Nd7 24. Qa3 c5 25. Bxb7 Qxb7 26. Rxe6 a6 27. Rae1 Rg7 28.
Bd6 Nf8 29. Rxe7+ Rxe7 30. Rxe7+ Qxe7 31. Bxe7 Kxe7 32. dxc5 Kf7 33. f3 Ne6 34.
Qc1 Nxc5 35. Qf4+ Ke7 36. Qf6+ Kd7 37. Qxg6 Nd3 38. Qxa6 b4 39. cxb4 Nxb4 40.
Qb5+ Nc6 41. Qxc4 Ne5 42. Qd5+ 1-0

[Event "Euro Online U2300 Day 1"]
[Site "chess.com INT"]
[Date "2020.05.25"]
[Round "1"]
[White "Brilej, Jaka"]
[Black "Druzhinina, Olga"]
[Result "1-0"]
[WhiteTitle "CM"]
[WhiteElo "2228"]
[BlackElo "2245"]
[WhiteFideId "14618818"]
[BlackFideId "4141911"]
[EventDate "2020.05.25"]

1. e4 c5 2. Nf3 d6 3. d4 cxd4 4. Nxd4 Nf6 5. Nc3 a6 6. f3 e5 7. Nb3 Be6 8. Be3
Be7 9. Qd2 Nbd7 10. O-O-O b5 11. g4 Nb6 12. g5 Nfd7 13. Kb1 Nc4 14. Bxc4 bxc4
15. Nc1 Rb8 16. N1e2 O-O 17. Ka1 Qc7 18. Rb1 Nb6 19. f4 Qc6 20. f5 Bc8 21. f6
Bd8 22. h4 Bg4 23. h5 Bf3 24. fxg7 Re8 25. Rh2 Bxe4 26. Nxe4 Qxe4 27. Nc3 Qc6
28. g6 Bf6 29. gxf7+ Kxf7 30. Rf2 Re6 31. Bxb6 Qxb6 32. Nd5 Qd4 33. Qxd4 exd4
34. Rbf1 Kxg7 35. Nxf6 h6 36. Rg2+ Kh8 37. Rg6 Rf8 38. Rxh6+ Kg7 39. Rg6+ Kh8
40. Kb1 d3 41. cxd3 cxd3 42. Kc1 Re2 43. Rfg1 Rc8+ 44. Kd1 Rxb2 45. Rh6# 1-0

[Event "Euro Online U2300 Day 1"]
[Site "chess.com INT"]
[Date "2020.05.25"]
[Round "1"]
[White "Timagin, Petr"]
[Black "Popov, Maksim"]
[Result "1-0"]
[WhiteTitle "FM"]
[WhiteElo "2337"]
[BlackElo "2094"]
[WhiteFideId "4137698"]
[BlackFideId "54123968"]
[EventDate "2020.05.25"]

1. e4 e6 2. d4 d5 3. Nc3 Bb4 4. exd5 exd5 5. Bd3 Nc6 6. a3 Bxc3+ 7. bxc3 Nf6 8.
h3 O-O 9. Ne2 Re8 10. O-O Ne4 11. Bf4 Bf5 12. Rb1 Qc8 13. c4 dxc4 14. Bxc4 Nd6
15. Ba2 Qd7 16. Ng3 Bg6 17. Qd2 Ne4 18. Nxe4 Rxe4 19. c3 Rae8 20. Rbe1 h6 21. f3
R4e7 22. Kf2 Na5 23. Rxe7 Rxe7 24. Re1 Kh7 25. g4 b6 26. h4 h5 27. Re5 Rxe5 28.
dxe5 Qb5 29. Qe2 Qc5+ 30. Kg2 Qxc3 31. e6 fxe6 32. Qxe6 Qc2+ 33. Kg3 Be8 34.
Qg8+ Kg6 35. Qxe8+ Kf6 36. Qe6# 1-0

[Event "Euro Online U2300 Day 1"]
[Site "chess.com INT"]
[Date "2020.05.25"]
[Round "1"]
[White "Sargsyan, Tigran R."]
[Black "Hasanagic, Anel"]
[Result "0-1"]
[BlackTitle "CM"]
[WhiteElo "2274"]
[BlackElo "2235"]
[WhiteFideId "13311328"]
[BlackFideId "14605791"]
[EventDate "2020.05.25"]

1. Nf3 d6 2. d4 f5 3. Nc3 Nf6 4. Bg5 Nbd7 5. Qd3 g6 6. e4 fxe4 7. Nxe4 Bg7 8.
Nxf6+ exf6 9. Bh4 O-O 10. O-O-O d5 11. Qd2 c6 12. Kb1 Nb6 13. Bd3 Nc4 14. Qc3
Be6 15. Rhe1 Qd7 16. Nd2 Nd6 17. f3 Nb5 18. Bxb5 cxb5 19. Nf1 a5 20. Re2 b4 21.
Qe1 Rfe8 22. Rd3 Bf7 23. Rde3 Rxe3 24. Rxe3 g5 25. Bg3 Rc8 26. Re2 Bg6 27. h4 h6
28. Ne3 Qc6 29. f4 Be4 30. f5 h5 31. hxg5 fxg5 32. Qd1 a4 33. Be1 b3 34. Bc3 b5
35. a3 bxc2+ 36. Nxc2 Bxf5 37. Rf2 Qg6 38. Ka1 Bxc2 39. Rxc2 g4 40. Re2 Re8 41.
Rxe8+ Qxe8 42. Qd3 h4 43. Qf5 Qe4 0-1